| 000 | 00652nam a22002057a 4500 | ||
|---|---|---|---|
| 999 |
_c15761 _d15761 |
||
| 003 | AR-CdUCM | ||
| 008 | 190429b ||||| |||| 00| 0 spa d | ||
| 040 |
_aMUNICIPALIDAD PROVINCIAL DEL CUSCO _cBIBLIOTECA MUNICIPAL DEL CUSCO |
||
| 082 |
_a370.61 / _bT21 |
||
| 100 |
_aTapia Rodriguez, Sandra R. _934957 |
||
| 245 | _aEstrategias y técnicas de aprendizaje / | ||
| 260 |
_aCusco : _bBiblioteca nacional, _c2008. |
||
| 300 |
_a189 paginas ; _c21 cm. |
||
| 505 | _aContenido :Técnicas de aprendizaje / | ||
| 650 |
_aEducacion _9460 |
||
| 650 |
_aTecnicas _9975 |
||
| 650 |
_aAprendizaje _92143 |
||
| 942 |
_2ddc _cLIBROS |
||
| 945 |
_arjall _d2019-04-29 |
||